Atlas of the universe (Record no. 1999)

MARC details
000 -LEADER
fixed length control field 00541nam a2200181Ia 4500
003 - CONTROL NUMBER IDENTIFIER
control field IN-BaIIA
008 - FIXED-LENGTH DATA ELEMENTS--GENERAL INFORMATION
fixed length control field 211028s9999 xx 000 0 eng d
040 ## - CATALOGING SOURCE
Transcribing agency IIA Library
080 ## - UNIVERSAL DECIMAL CLASSIFICATION NUMBER
Universal Decimal Classification number 52
Item number ATL
245 #0 - TITLE STATEMENT
Title Atlas of the universe
Statement of responsibility, etc. edited by H. E.Butler
260 ## - PUBLICATION, DISTRIBUTION, ETC.
Place of publication, distribution, etc. London
Name of publisher, distributor, etc. Thomas Nelson & Sons
Date of publication, distribution, etc. 1961
300 ## - PHYSICAL DESCRIPTION
Extent 226p.
650 ## - SUBJECT ADDED ENTRY--TOPICAL TERM
Topical term or geographic name entry element Astronomy and astrophysics thesaurus
650 ## - SUBJECT ADDED ENTRY--TOPICAL TERM
Topical term or geographic name entry element Atlas-universe
9 (RLIN) 3774
650 ## - SUBJECT ADDED ENTRY--TOPICAL TERM
Topical term or geographic name entry element Universe atlas
9 (RLIN) 3775
700 ## - ADDED ENTRY--PERSONAL NAME
Personal name Butler, H. E., ed.
9 (RLIN) 3776
942 ## - ADDED ENTRY ELEMENTS (KOHA)
Koha item type Books
Holdings
Withdrawn status Lost status Damaged status Not for loan Home library Current library Shelving location Date acquired Cost, normal purchase price Total Checkouts Full call number Barcode Date last seen Cost, replacement price Price effective from Koha item type Purchase Price
        IIA Library-Bangalore IIA Library-Bangalore General Stacks   31.50   52/ ATL 2243 05/11/2021 31.50   Books Rs. 31.50

Powered by Koha